Регионална библиотека "Любен Каравелов" - Русе

Еленчето на Дядо Коледа (Запис номер 8604)

MARC детайли
000 -Лидер
Контролно поле с фиксирана дължина 01715nam a2200385 c 4500
003 - Код на организацията, давaща контролен номер
Контролно поле BLK
005 - Дата и час на последна редакция
Контролно поле 20230511030337.0
008 - Елементи от данни с фиксирана дължина
fixed length control field 180412b bul|||||r ||||||| ||bul||
010 ## - Наследен системен номер
LC control number KNG00009962000
020 ## - Международен стандартен номер на книга ISBN
Международен стандартен номер на книга ISBN 954-625-072-4
-- издат.: Фют
040 ## - Източник на каталожния запис
Идентификатор на билиотеката - собственик на записа BLK
041 ## - Код за език
Код за езика на текст/звукозапис или на отделно заглавие Български
Код за езика КДБФ Български
080 ## - УДК
Текстов определител УДК Българска литература
УДК код - определител по УДК 821.163.2
УДК определител -93-34
УДК - код + определител 821.163.2-93-34
100 1# - Редна дума - Автор
Автор Иванова, Катя
Авторска отговорност първи автор
R(LIN) 363276
139 ## - Редно поле
Редна дума Иванова, Екатерина
Авторски знак Иванова - И 22
245 10 - Сведения за заглавието
Заглавие Еленчето на Дядо Коледа
Подзаглавни данни Приказка
Редно поле (дума) Катя Иванова; Екатерина Иванова; худож. Стоян Кораков; Екатерина Иванова Латева.
257 ## - Страна на издаване
Страна на създаване/издаване България
260 ## - Област на издателските данни
-- София
Име на издателя, разпространителя и проч. Фют
Година на издаване 1995
300 ## - Физическа характеристика
Страници 16 с.
Илюстрации и др. с цв. ил.
Размери/Мащаб 22Х24 см
380 ## - Жанр
Жанр Детска худож. лит.
490 1# - СЕРИИ (Колекции)
Име на серия Поредица Коледни звънчета
500 ## - Общи забележки
Забележка Кор опис. - Пълното име на авт. е Екатерина Иванова Латева. ; Авт. e отбелязана в библиогр. каре. - 17 150 тир.
653 ## - Ключова дума – ненормативна
Ключова дума Коледа
653 ## - Ключова дума – ненормативна
Ключова дума приказки
653 ## - Ключова дума – ненормативна
Ключова дума литература за деца
653 ## - Ключова дума – ненормативна
Ключова дума детска литература
700 1# - Други автори (авторска отговорност)
Лично име Иванова, Екатерина
Друга информация Лаптева, Екатерина Иванова
9 (RLIN) 363377
700 1# - Други автори (авторска отговорност)
Лично име Кораков, Стоян
Автороска отговорност (Описва отношението между автора и произведението) худож.
9 (RLIN) 249209
700 1# - Други автори (авторска отговорност)
Лично име Латева, Екатерина Иванова
9 (RLIN) 363572
852 ## - Местоположение
Форматна сигнатура Цб 192415
856 4# - Електронен адрес и достъп
Електронен формат pdf - файл
Път до файла /url/
856 4# - Електронен адрес и достъп
Електронен формат pdf - файл
Път до файла /url/
942 ## - АРТИКУЛИ
Вид на библиотечния материал Книги
Скрит в OPAC Не
Koha issues (borrowed), all copies 5
944 ## - СЪЗДАВАНЕ И РЕДАКЦИЯ на ЗАПИСА
Създаване/Редакция Създаване
Дата на регистрацията/редакция 15.01.2003
Статус, дата на статуса ф /
Служител, извършил регистрацията/редакцията Виолета_Тройчева
944 ## - СЪЗДАВАНЕ И РЕДАКЦИЯ на ЗАПИСА
Създаване/Редакция Редакция
Дата на регистрацията/редакция 28.09.2017
Статус, дата на статуса ф /
Служител, извършил регистрацията/редакцията Кети_Илиева
999 ## - СИСТЕМНИ КОНТРОЛНИ НОМЕРА
Koha biblionumber 8604
Koha biblioitemnumber 8604
Наличности
Код за отписване Код за изгубен артикул Източник на класификационната схема Код за повреда Коз за рестрикции Код за отдаване Артикулен № Име на библиотеката - собственик Име на библиотеката, в която се намира в момента Статус (Текущо местоположение) Дата на вписване в системата Местоположение - отдел Цена в лева Инвентарен номер Систематично азбучна сигнатура Баркод Номер на екземпляра Цена в евро Служебна бележка Служебен тип на артикула Бележка за публиката
Изтеглен Не е изгубен Universal Decimal Classification Не е повреден без рестрикции заемане за дома 14938 Регионална библиотека "Любен Каравелов" Русе Регионална библиотека "Любен Каравелов" Русе Детски отдел 2001-01-01 Детски отдел 0.36 618004 ДХ 886.7-93/И 22 618004 1 0.18 Дост: Pk Вид: Ф N: стар фонд Дата: 01.01.1995 Дата инв: 17.08.2015 Бележки инв: Д2015 Книги  
Изтеглен Не е изгубен   Не е повреден без рестрикции заемане за дома 14939 Регионална библиотека "Любен Каравелов" Русе Регионална библиотека "Любен Каравелов" Русе   2001-01-01 Детски отдел 0.36 618005 ДХ 886.7-93/И 22 618005 2 0.18 Дост: Pk Вид: Ф N: стар фонд Дата: 01.01.1995 Дата инв: 03.11.2015 Бележки инв: Д2015 Книги Отч.N: 41/2017 , Дата: 08.09.2017
Изтеглен Не е изгубен Universal Decimal Classification Не е повреден без рестрикции заемане за дома 14940 Регионална библиотека "Любен Каравелов" Русе Регионална библиотека "Любен Каравелов" Русе Детски отдел 2001-01-01 Детски отдел 0.36 618006 ДХ 886.7-93/И 22 618006 3 0.18 Дост: Pk Вид: Ф N: стар фонд Дата: 01.01.1995 Дата инв: 17.08.2015 Бележки инв: Д2015 Книги  
  Не е изгубен Universal Decimal Classification Не е повреден без рестрикции ползва се в читалня 14941 Регионална библиотека "Любен Каравелов" Русе Регионална библиотека "Любен Каравелов" Русе Хранилище 2001-01-01 Хранилище 0.35 618562 Цб 192415 120000618562 4 0.18 N: стар фонд Дата: 01.01.1995 Книги  
Изтеглен Не е изгубен   Не е повреден без рестрикции заемане за дома 14942 Регионална библиотека "Любен Каравелов" Русе Регионална библиотека "Любен Каравелов" Русе Детски отдел 2001-01-01 Детски отдел 0.36 627405 ДХ 886.7-93/И 22 627405 5 0.18 Дост: Pk Вид: Ф N: стар фонд Дата: 01.01.1995 Дата инв: 17.08.2015 Бележки инв: Д2015 Книги  
Vip Innovations Ltd, Rousse, Bulgaria 2025